000 00655nam a2200205Ia 4500
003 IN-BaIIA
008 211028s9999 xx 000 0 eng d
020 _a0-531-00848-7
040 _cIIA Library
080 _a551.24
_bYOU
100 _aYoung, Patrick
_910119
245 0 _aDrifting continents, shifting seas
_ban introduction to plate tectonics
_cPatrick Young and Rod Slater
260 _aNew York
_bFranklin Watts
_c1976
300 _a89p.
650 _aAstronomy and astrophysics thesaurus
650 _aGeology
650 _aPlate tectonics
_910120
700 _aYoung, Patrick
_910119
942 _cBK
999 _c5844
_d5844